| 000 | 00828 a2200205 4500 | ||
|---|---|---|---|
| 001 | 2792 | ||
| 005 | 20260407155424.0 | ||
| 008 | 260407a1990 arg spa d | ||
| 003 | AR-UNSa-BCEJYS | ||
| 040 |
_aAR-UNSa-BCEJYS _bspa _cAR-UNSa-BCEJYS |
||
| 080 |
_a336.1 _xFinanzas Públicas. Finanzas del gobierno en general |
||
| 245 | 1 | 0 | _aLa hacienda pública y Constitución Nacional |
| 264 | 1 |
_aSalta : _bUniversidad Nacional de Salta. Facultad de Ciencias Económicas, Jurídicas y Sociales _c1990 |
|
| 300 |
_a159 p. _c21 cm. |
||
| 505 | _a1. Hacienda pública y Constitución Nacional -- 2. El presupuesto nacional y su atomización -- 3. La atomización del sistema de control hacendal público | ||
| 041 | _aspa | ||
| 942 | _cBK | ||
| 590 | _aniveau_biblio:m niveau_hierar:0 | ||
| 100 | 1 | _aCortés de Trejo, Lea Cristina | |
| 999 |
_c277 _d277 |
||